000 00555nam a2200169Ia 4500
003 GCL
008 140319s9999 xx 000 0 ara d
040 _aGCL /
_cGCL
082 0 4 _a189
_bف م
100 1 _aفتح الله خليف
245 1 0 _aالمدخل الى الفلسفة من وجهة نظر الاسلاميين /
_cفتح الله خليف
260 _aالقاهرة :
_bدار الجامعات المصرية
300 _a334ص ؛
_c24سم
650 0 4 _aالفلسفة الاسلامية
650 0 4 _aالفلسفة
942 _2ddc
_cBK
999 _c38612
_d38612